El horror económico /

Na minha lista:
Detalhes bibliográficos
Autor principal: Forrester, Viviane (autor)
Outros Autores: Zadunaisky, Daniel (traducción) (traducción)
Formato: Livro
Idioma:espanhol
Publicado em: Buenos Aires, Argentina : Fondo de Cultura Económica, 1998, c1997
coleção:(Sección de Obras de Sociología)
Assuntos:
Tags: Adicionar Tag
Sem tags, seja o primeiro a adicionar uma tag!

MARC

LEADER 00000nam^a2200000^a^4500
001 000259600
005 20250521000000.0
009 20260310110411.01
020 |a 950-557-227-1 
037 |a Acervo Xavier Clavigero 
041 |a ESP 
082 |a 330. 122  |b FOR 
100 |a Forrester, Viviane  |e (autor) 
245 1 3 |a El horror económico /  |c V. Forrester ; tr. de D. Zadunaisky. 
264 4 |a Buenos Aires, Argentina :  |b Fondo de Cultura Económica,  |c 1998, c1997 
300 |a 166 p. 
336 |a texto  |b txt  |2 rdacontenido 
337 |a sin mediación  |b n  |2 rdamedio 
338 |a volumen  |b nc  |2 rdasoporte 
440 1 |a (Sección de Obras de Sociología) 
500 |a Traducción de: L'horreur économique 
649 |a XX 
650 |a Marginación 
650 |a Igualdad y Desigualdad 
650 |a Empleo y Desempleo 
650 |a Política Social 
650 |a Política Económica 
650 |a Capitalismo -  |x Historia y Crítica -  |x Tema Principal 
650 |a Liberalismo y Neoliberalismo Económicos 
650 |a Problemas Sociales -  |x Aspectos Económicos -  |x Tema Principal 
650 |a Sociología 
650 |a Economía -  |x Historia -  |y Siglo XX 
700 |a Zadunaisky, Daniel  |e (traducción) 
910 |a Fondo General 
920 |a Impresos - Libros 
930 |a Colección General 
905 |a 101 
901 |a 059310  |b IT1  |c ACC  |i D  |u 20250521 
902 |a https://opac.biblio.iteso.mx/vufind/Record/000259600